Gaming Quiz

Random Gaming or Nintendo Quiz
Score 0/20 Timer 04:00
56 Plays Today
Pokémon Weaknesses % Correct
Butterfree???
97%
Magikarp???
80%
Pikachu???
79.7%
Jynx???
72.8%
Wooper???
61.6%
Miltank???
52.2%
Umbreon???
52%
Lugia???
49.2%
Breloom???
49.1%
Shuppet???
42.8%
Pokémon Weaknesses % Correct
Rayquaza???
42.2%
Jirachi???
36.9%
Torterra???
36.3%
Skuntank???
23.8%
Lucario???
23.5%
Probopass???
20.9%
Pansear???
19.9%
Scolipede???
17.3%
Zekrom???
17%
Landorus???
15.7%

You're not logged in!

Compare scores with friends on all Sporcle quizzes.
OR
Log In

Sporcle TV

Today on Sporcle TV


Watch our educational content, quiz creation guides, and fun videos on Sporcle TV.

Show Comments

Extras

Top Quizzes Today


Score Distribution

Paid Content

Your Account Isn't Verified!

In order to create a playlist on Sporcle, you need to verify the email address you used during registration. Go to your Sporcle Settings to finish the process.

Report this User

Report this user for behavior that violates our Community Guidelines.

Details: